Legislative procedures in India/ (Record no. 11763)

MARC details
000 -LEADER
fixed length control field 00620nam a22002177a 4500
005 - DATE AND TIME OF LATEST TRANSACTION
control field 20240226115453.0
008 - FIXED-LENGTH DATA ELEMENTS--GENERAL INFORMATION
fixed length control field 240226b ||||| |||| 00| 0 eng d
020 ## - INTERNATIONAL STANDARD BOOK NUMBER
International Standard Book Number 9789358494525
040 ## - CATALOGING SOURCE
Original cataloging agency IN-DiNC
Transcribing agency IN-DiNC
041 ## - LANGUAGE CODE
Language code of sung or spoken text English
082 ## - DEWEY DECIMAL CLASSIFICATION NUMBER
Classification number 328.54
Item number NAT
100 ## - MAIN ENTRY--PERSONAL NAME
Personal name Nath, Pranjit Kumar
Relator term Author
245 ## - TITLE STATEMENT
Title Legislative procedures in India/
Statement of responsibility, etc. by Pranjit Kumar Nath, Deepan Das and Dipankar Basak
250 ## - EDITION STATEMENT
Edition statement 1st ed.
260 ## - PUBLICATION, DISTRIBUTION, ETC.
Place of publication, distribution, etc. Dibrugarh:
Name of publisher, distributor, etc. Banalata,
Date of publication, distribution, etc. 2023.
300 ## - PHYSICAL DESCRIPTION
Extent 151p.
650 ## - SUBJECT ADDED ENTRY--TOPICAL TERM
Topical term or geographic name entry element Indian parliament
700 ## - ADDED ENTRY--PERSONAL NAME
Personal name Das, Deepan
Relator term Author
700 ## - ADDED ENTRY--PERSONAL NAME
Personal name Basak, Dipankar
Relator term Author
942 ## - ADDED ENTRY ELEMENTS (KOHA)
Source of classification or shelving scheme Dewey Decimal Classification
Koha item type Books
Holdings
Withdrawn status Lost status Source of classification or shelving scheme Damaged status Not for loan Collection code Home library Current library Shelving location Date acquired Cost, normal purchase price Total Checkouts Full call number Barcode Date due Date last seen Date last checked out Copy number Price effective from Koha item type
    Dewey Decimal Classification     Political Science Central Library, Naharkatiya College Central Library, Naharkatiya College General Stacks 26/02/2024 190.00 5 328.54 NAT 29933 08/05/2026 18/04/2026 18/04/2026 1 26/02/2024 Books
    Dewey Decimal Classification     Political Science Central Library, Naharkatiya College Central Library, Naharkatiya College General Stacks 26/02/2024 190.00 7 328.54 NAT 29934 08/05/2026 18/04/2026 18/04/2026 2 26/02/2024 Books
    Dewey Decimal Classification     Political Science Central Library, Naharkatiya College Central Library, Naharkatiya College General Stacks 26/02/2024 190.00 4 328.54 NAT 29935   17/04/2026 27/03/2026 3 26/02/2024 Books

Naharkatiya College © 2020. All rights reserved.

Powered By